Confessions of a gay priest a memoir of sex love, abuse and scandal in the Catholic seminary

Guardat en:
Dades bibliogràfiques
Autor principal: RASTRELLI, Tom
Format: Llibre
Idioma:anglès
Publicat: University of Iowa Press 2020
Etiquetes: Afegir etiqueta
Sense etiquetes, Sigues el primer a etiquetar aquest registre!

MARC

LEADER 00000nam a22000007a 4500
008 231006b |||||||| |||| 00| 0 eng d
020 |a 9781609387099 
100 |a RASTRELLI, Tom 
245 |a Confessions of a gay priest  |b a memoir of sex love, abuse and scandal in the Catholic seminary  |c /Tom Rastrelli  |g 323p 
260 |b University of Iowa Press  |c 2020  |h IOWA, USA  |i 700569  |i 700570  |l BX4668.3.R18  |m RastrellI, Tom, 1974-  |m Catholic church - Clergy-Biography  |m Catholic church - Clergy - Sexual behavior-United States   |m Catholic ex-priests - United States - Biography  |m Gay Clergy -United States - Biography  |m Sexual abuse victims-United States - Biography 
942 |a lcc  |c BK  |e Johnson  |f 06/10/23 
952 |0 0  |1 0  |2 lcc  |4 0  |6 BX46683 R18  |7 0  |9 4551  |a ART  |b HOL  |c AF  |d 2023-10-06  |l 0  |o BX4668.3.R18  |p 2023-0471  |r 2023-10-06 00:00:00  |t 700569  |w 2023-10-06  |y BK 
952 |0 0  |1 0  |2 lcc  |4 0  |6 BX46683 R18  |7 0  |9 4552  |a HOL  |b HOL  |c AF  |d 2023-10-06  |l 0  |o BX4668.3.R18  |p 2023-0472  |r 2023-10-06 00:00:00  |t 700570  |w 2023-10-06  |y BK 
999 |c 2283  |d 2283